00325nam a2200133 a 45000010010000000030011000100080041000210350026000620820014000881000015001022450021001172600039001386500014001770000-8539ELIB.Books110520 1989  a(ELIB.Books)0000-8684 a253 bLea aLeadership aThe Unity Factor bTexas: Word Books Publisher c1989 aPreaching